Fundamentals of seperation techniques and their applications (Record no. 756474)
[ view plain ]
| 000 -LEADER | |
|---|---|
| fixed length control field | 00356 a2200133 4500 |
| 020 ## - INTERNATIONAL STANDARD BOOK NUMBER | |
| ISBN | 9788119681877 |
| 084 ## - OTHER CLASSIFICATION NUMBER | |
| Source of Number | CC |
| Classification number | E:8 |
| 100 ## - MAIN ENTRY--AUTHOR NAME | |
| Personal name | REETU SANGWAN,etc |
| 245 ## - TITLE STATEMENT | |
| Title | Fundamentals of seperation techniques and their applications |
| 260 ## - PUBLICATION, DISTRIBUTION, ETC. (IMPRINT) | |
| Name of publisher | Mangalam publications, Delhi |
| Year of publication | 2025, |
| 300 ## - PHYSICAL DESCRIPTION | |
| Number of Pages | 139p. |
| 942 ## - ADDED ENTRY ELEMENTS (KOHA) | |
| Koha item type | Book |
| Source of classification or shelving scheme | Colon Classification |
| Withdrawn status | Lost status | Source of classification or shelving scheme | Damaged status | Not for loan | Home Library | Current Location | Shelving location | Date acquired | Source of acquisition | Cost, normal purchase price | Full call number | Accession Number | Cost, replacement price | Price effective from | Koha item type |
|---|---|---|---|---|---|---|---|---|---|---|---|---|---|---|---|
| Colon Classification | Kerala University Library | Kerala University Library | General Stacks | 23/02/2026 | 60 | 821.25 | E:8 R5 | 326236 | 1095.00 | 23/02/2026 | General |
